000
00245nam a22001097a 4500
020
_a
8187253207
082
_a
630
_b
SIN/AG
100
_a
Singhal, O.P
245
_a
Agricultural engineering
260
_a
Meerut
_b
Aman publishing house
942
_c
BK
999
_c
13973
_d
13973